000 00775nam a22002297a 4500
005 20170124110246.0
010 _a098782
020 _c00.00
035 _a098782
037 _bCen Lib/Ret
040 _aDPL
_bEN
082 _a025.22
_bUNE
110 _aUnesco.The United Nations Educational, Scientific and Cultural Organization
_997672
245 _aHandbook on the international exchange of publications /
260 _aUnesco
_bThe United Nations Educational, Scientific and Cultural Organization
_c1956
270 _a19, Avenue Kleber
300 _a507p.
_c23cm(Hb)
500 _aIncludes index
650 _aExchange of publications.
_997673
650 _aÉchanges littéraires et scientifiques.
_997674
942 _2ddc
_cEN
_h025.22
_mUNE
999 _c135565
_d135565